000 00607nam a2200181Ia 4500
001 14767
003 GE_BSU
008 181216s||||||||xx |||||||||||||| ||und||
040 _cGE_BSU
245 _aСправочник по телевизионной технике. Т.1.
245 _cПод общей ред. С.И.Катаева; Ред.В.И.Шамшур и В.В.Енютин.
250 _aПеревод с англиского с дополнен.
260 _aМ.-Л.
260 _bГосэнергоиздат.
260 _c1962.
300 _a616 стр. 27 см. с илл.
942 _cBK
999 _c47890
_d47890